[Event "Berliner Sommer 13th"]
[Site "Berlin"]
[Date "1995.??.??"]
[Round "6"]
[White "Tchikadze, V."]
[Black "Crouch, Colin S"]
[Result "1-0"]
[WhiteElo "2260"]
[BlackElo "2410"]
[PlyCount "33"]
[EventDate "1995.08.??"]
[EventType "swiss"]
[EventRounds "9"]
[EventCountry "GER"]
[SourceTitle "CBM 047 Extra"]
[Source "ChessBase"]
[SourceDate "1995.09.01"]
[SourceVersion "1"]
[SourceVersionDate "1995.09.01"]
[SourceQuality "1"]

1. d4 d5 2. c4 c6 3. Nf3 Nf6 4. Qc2 dxc4 5. Nc3 Na6 6. a3 b5 7. g3 b4 8. axb4 Nxb4 9. Qa4 e5 10. Nxe5 Bf5 11. Nxc6 Nc2+ 12. Qxc2 Bxc2 13. Nxd8 Rxd8 14. e3 Bb4 15. Bd2 0-0 16. Bxc4 Rd7 17. 0-0 1-0